000 00454nam a2200181Ia 4500
003 OSt
005 20240509122653.0
008 210210b1950 xxu||||| |||| 00| 0 eng d
040 _cAL
041 _akan
082 _a853/532
100 _aSADASHIVAYYA (T)
_9162100
_dಸದಾಶಿವಯ್ಯ (ಟಿ)
245 _aAmma:
_bಅಮ್ಮ
260 _aBengaluru
_b-
_c1950
690 _aKannada Drama
_9162101
906 _a019802
942 _2ddc
_cBK
999 _c143949
_d143949